000 00654nam a2200181Ia 4500
008 151018s9999 xx 000 0 und d
082 _bRBASDV34197
_a891.434
100 _aगणेश मंत्री
245 _aपत्रकारिता कि चूनौतीयाँ
250 _b1
260 _bसत्साहीत्य
_c2000
300 _a124
600 _aगणेश मंत्री
630 _aपत्रकारिता कि चूनौतीयाँ
700 _aगणेश मंत्री
730 _aपत्रकारिता कि चूनौतीयाँ
942 _cBOOK
999 _c1033689
_d1033686